MARC

LEADER 00000nbm0a2200000 4500
001 290277
005 20231102000253.0
035 |a (RuTPU)RU\TPU\book\314825 
090 |a 290277 
100 |a 20150406d1975 k y0rusy50 ca 
101 0 |a rus 
102 |a RU 
105 |a a p 001zy 
200 1 |a Исследование процессов получения и очистки тетрафторида циркония, пригодного для производства металла ядерной чистоты  |e научный отчет  |f Томский политехнический институт (ТПИ), Физико-технический факультет, Кафедра 43 и химический отдел лаборатории № 4 ; руководители Н. П. Курин ; П. В. Лапин ; исполнители А. И. Соловьев , Р. Т. Брагина , В. В. Хмелев 
210 |a Томск  |c Изд-во ТПИ  |d 1975 
215 |a 33 л.  |c ил. 
320 |a Библиогр.: с. 30-31. 
606 1 |a Цирконий  |x Комплексные соединения  |2 stltpush  |3 (RuTPU)RU\TPU\subj\32836  |9 55258 
610 1 |a тетрафторид циркония 
610 1 |a получение 
610 1 |a очистка 
610 1 |a спектральный анализ 
610 1 |a научные отчеты 
610 1 |a отчеты о НИР 
610 1 |a труды учёных ТПУ 
675 |a 661.88(04)  |v 3 
702 1 |a Курин  |b Н. П.  |c химик-технолог  |c профессор Томского политехнического университета  |c основатель химической технологии атомной промышленности Сибири  |f 1905-2004  |g Николай Павлович  |2 stltpush  |3 (RuTPU)RU\TPU\pers\9462  |4 673 
702 1 |a Лапин  |b П. В.  |4 677 
702 1 |a Соловьев  |b А. И.  |4 677 
702 1 |a Брагина  |b Р. Т.  |4 677 
702 1 |a Хмелев  |b В. В.  |4 677 
712 0 2 |a Томский политехнический институт (ТПИ)  |b Физико-технический факультет  |b Кафедра 43 и химический отдел лаборатории № 4  |c (1944-1991)  |2 stltpush  |3 (RuTPU)RU\TPU\col\1123 
801 1 |a RU  |b 63413507  |c 20150406 
801 2 |a RU  |b 63413507  |c 20150410  |g RCR 
942 |c BK